000 00669nam a22001817a 4500
999 _c60682
_d60682
005 20231006130507.0
008 231006s1980 enk||||| |||| 00| 0 eng d
020 _a0521229898
041 _aeng
080 _a902(038) The-44
245 _aThe Cambridge Encyclopedia of Archaeology /
_cEditor Andrew Sherratt, Grahame Clark.
264 _aCambridge,
_c1980.
300 _a495 p. :
_bill. ;
_c26 cm.
653 _aკემბრიჯის არქეოლოგიის ენციკლოპედია
700 _aSherratt, Andrew
_eრედაქტორი
_920016
700 _aClark, Grahame
_eრედაქტორი
_920017
942 _2udc
_cBK